000 00349 a2200157 4500
001 68423
020 _a9788579017940
040 _cAnchieta - Pituba
100 _aMiranda, João Marcos Sousa
240 1 0 _aMatemática 1ª série
_l
245 1 0 _aMatemática 1ª série
300 _a248
362 0 _a2023
650 4 _aMatemática
942 _cBK
999 _c68423
_d68423